Disseny d'elements de moderació de la circulació : aportació a una mobilitat sostenible / [autors: Rafael Jodar, Isabel Redondo] aportació a una mobilitat sostenible / [autors:
ISBN:
84-7794-563-2
Descripción Física:
95 p. : il., gràf., quadres ; 24 cm
Colección:
Manuals ; 8
Otros Autores:
Redondo, Isabel
Materias:
Circulació urbana
MARC
| LEADER | 00000nam a2200000Ia 4500 | ||
|---|---|---|---|
| 001 | 12051 | ||
| 008 | 160829s9999 xx 000 0 cat d | ||
| 020 | |a 84-7794-563-2 | ||
| 080 | |a C-1-2570 | ||
| 100 | |a Jodar, Gabriel |9 21028 | ||
| 245 | |a Disseny d'elements de moderació de la circulació : |b aportació a una mobilitat sostenible / [autors: |b Rafael Jodar, Isabel Redondo] | ||
| 260 | |a Barcelona : |b Diputació de Barcelona, Àrea de Medi Ambient, DL 1998 | ||
| 300 | |a 95 p. : |b il., gràf., quadres ; |c 24 cm | ||
| 490 | |a Manuals ; 8 | ||
| 650 | 0 | |a Circulació urbana |9 32526 | |
| 700 | |a Redondo, Isabel |9 21030 | ||
| 710 | |a Barcelona (Catalunya : Província). |b Àrea de Medi Ambient |9 52987 | ||
| 901 | |a Arxiu | ||
| 942 | |n 1 | ||
| 952 | |0 0 |1 0 |4 0 |6 C12570 |7 1 |9 41775 |a Arxiu |b Arxiu |d 2016-12-01 |l 0 |o C-1-2570 |p 12051 |r 2016-12-01 00:00:00 |w 2016-12-01 |y ARXIU | ||
| 999 | |c 43665 |d 43665 | ||